| 000 | 00663nam a22002057a 4500 | ||
|---|---|---|---|
| 005 | 20170522112812.0 | ||
| 010 | _aENG-118278 | ||
| 020 |
_a9780199469291 _c550.00 |
||
| 035 | _aEN-101810 | ||
| 037 | _bDBAD/PUB | ||
| 082 | _aN | ||
| 100 | _aK.P.Ramanunni | ||
| 245 |
_aDeath anniversary : _cby K.P.Ramanunni ; translated from Malayalam by Yaseen Ashraf ; edited by Mini Krishnan _bCharama Vaarshikam / |
||
| 260 |
_aNew Delhi _bOxford University Press _c2017 |
||
| 270 |
_aYMCA Library Building,1 Jai Singh Road _b New Delhi _e110001 |
||
| 300 |
_axv,168p. _c23cm.(pbk) |
||
| 700 | _aYaseen Ashraf | ||
| 700 | _a Mini Krishnan | ||
| 942 |
_2ddc _cEN _hN _mRAM |
||
| 999 |
_c140184 _d140184 |
||